Car logo to country - Statistics

General Stats
  • This quiz has been taken 965 times
  • The average score is 11 of 15
Answer Stats
Picture Answer % Correct
Japan
95%
Germany
89%
Japan
88%
Italy
86%
Germany
84%
Italy
84%
United States
81%
United States
75%
Japan
73%
United Kingdom
73%
South Korea
72%
France
64%
South Korea
60%
North Korea
52%
India
25%
No matching quizzes found
Score Distribution
Percent of People with Each Score
Percentile by Number Answered
Your Score History
You have not taken this quiz